A Dictionary of biology / (Record no. 170930)

MARC details
000 -LEADER
fixed length control field 00810nam a22002537a 4500
003 - CONTROL NUMBER IDENTIFIER
control field OSt
005 - DATE AND TIME OF LATEST TRANSACTION
control field 20240826123926.0
008 - FIXED-LENGTH DATA ELEMENTS--GENERAL INFORMATION
fixed length control field 240801b |||||||| |||| 00| 0 eng d
020 ## - INTERNATIONAL STANDARD BOOK NUMBER
International Standard Book Number 0140510036 (paperback)
040 ## - CATALOGING SOURCE
Original cataloging agency NUST
Language of cataloging eng
Transcribing agency NUST
Modifying agency NUST
Description conventions rda
050 ## - LIBRARY OF CONGRESS CALL NUMBER
Classification number REF R121 ABE
100 ## - MAIN ENTRY--PERSONAL NAME
Personal name Abercrombie, M
Relator term Author
245 ## - TITLE STATEMENT
Title A Dictionary of biology /
Statement of responsibility, etc. M. Abercrombie
260 ## - PUBLICATION, DISTRIBUTION, ETC.
Place of publication, distribution, etc. Baltimore :
Name of publisher, distributor, etc. Penguin Books,
Date of publication, distribution, etc. 1973.
300 ## - PHYSICAL DESCRIPTION
Extent 309 pages :
Other physical details Illustrations ;
Dimensions 20 cm.
336 ## - CONTENT TYPE
Source rdamedia
Content type term text
Content type code txt
337 ## - MEDIA TYPE
Source rdamedia
Media type term unmediated
Media type code n
338 ## - CARRIER TYPE
Source rdamedia
Carrier type term volume
Carrier type code nc
504 ## - BIBLIOGRAPHY, ETC. NOTE
Bibliography, etc. note Includes bibliographical references.
650 ## - SUBJECT ADDED ENTRY--TOPICAL TERM
Form subdivision Biology - Dictionaries.
700 ## - ADDED ENTRY--PERSONAL NAME
Personal name Hickman, C. J
Relator term Author
700 ## - ADDED ENTRY--PERSONAL NAME
Personal name Johnson, M. L
Relator term Author
942 ## - ADDED ENTRY ELEMENTS (KOHA)
Source of classification or shelving scheme Library of Congress Classification
Koha item type Ordinary Loan Books
Classification part R121 ABE
Call number prefix R
Call number suffix ABE
Suppress in OPAC No
Holdings
Withdrawn status Lost status Source of classification or shelving scheme Damaged status Not for loan Collection Home library Current library Shelving location Date acquired Source of acquisition Cost, normal purchase price Total Checkouts Full call number Barcode Date last seen Accession number Cost, replacement price Price effective from Koha item type Public note
    LCC     NFIC MAIN MAIN GEN 08/01/2024 Book Aid International 10.00   REF. R121 ABE 92004053591 08/01/2024 60309 10.00 08/01/2024 BOOKS Donation